¿ Y si la investigación sobre inclusiónb no fuera inclusiva ? : reflexiones desde una investigación biográfico-narrativa (Record no. 147101)

MARC details
000 -CABECERA
campo de control de longitud fija 00604nab a2200193 a 4500
005 - FECHA Y HORA DE LA ÚLTIMA TRANSACCIÓN
campo de control 20210219160912.0
008 - ELEMENTOS DE LONGITUD FIJA--INFORMACIÓN GENERAL
campo de control de longitud fija 991125s1985 mx 000 0 spa u
035 ## - NÚMERO DE CONTROL DEL SISTEMA
Número de control de sistema UPN01000174997
100 1# - ASIENTO PRINCIPAL--NOMBRE PERSONAL
Nombre de persona Parrilla, Angeles
222 ## - TÍTULO CLAVE
Título clave REVISTA DE EDUCACION
245 ## - MENCIÓN DE TÍTULO
Título ¿ Y si la investigación sobre inclusiónb no fuera inclusiva ? : reflexiones desde una investigación biográfico-narrativa
260 ## - PUBLICACIÓN, DISTRIBUCIÓN, ETC.
Lugar de publicación, distribución, etc. Madrid, España
300 ## - DESCRIPCIÓN FÍSICA
Extensión 101-117
362 0# - FECHAS DE PUBLICACIÓN Y/O DESIGNACIÓN SECUENCIAL
Fecha de publicación y/o designación secuencial 2009 No. 349, may.-ago.
653 0# - TERMINO DE INDIZACION - NO CONTROLADO
Término no controlado INCLUSION EDUCATIVA
653 0# - TERMINO DE INDIZACION - NO CONTROLADO
Término no controlado INVESTIGACION INCLUSIVA
653 0# - TERMINO DE INDIZACION - NO CONTROLADO
Término no controlado JOVENES
905 ## - TIPO DE MATERIAL
Tipo de material Articulo

No items available.